[Event "GER-chT Betriebe 15th"]
[Site "Munich"]
[Date "2015.10.22"]
[Round "2.3"]
[White "Luft, Martin"]
[Black "Buchholz, Robert"]
[Result "1-0"]
[WhiteElo "2114"]
[BlackElo "1990"]
[PlyCount "37"]
[EventDate "2015.10.22"]
[EventType "team-swiss"]
[EventRounds "7"]
[EventCountry "GER"]
[SourceTitle "EXT 2020"]
[Source "ChessBase"]
[SourceDate "2019.10.17"]
[SourceVersion "1"]
[SourceVersionDate "2019.10.17"]
[SourceQuality "1"]
[WhiteTeam "Muenchen Bayerische Landesb"]
[BlackTeam "Hamburg Baubehoerde"]
[WhiteTeamCountry "GER"]
[BlackTeamCountry "GER"]

1. d4 Nf6 2. Nf3 c5 3. e3 d5 4. dxc5 Nc6 5. c4 Qa5+ 6. Nbd2 Qxc5 7. a3 e5 8. b4 Qd6 9. cxd5 Qxd5 10. Bc4 Qd6 11. Qb3 Be6 12. 0-0 b5 13. Bxe6 fxe6 14. Bb2 h6 15. Rfd1 Kf7 16. Rac1 Rc8 17. Nf1 Qb8 18. Rxc6 Rxc6 19. Nxe5+ 1-0

[Event "Regionalliga SO 0910"]
[Site "Bayern"]
[Date "2009.12.13"]
[Round "4.5"]
[White "Haselbeck, Franz"]
[Black "Luft, Martin"]
[Result "1-0"]
[WhiteElo "1979"]
[BlackElo "2059"]
[PlyCount "59"]
[EventDate "2009.10.18"]
[EventType "team-tourn"]
[EventRounds "9"]
[EventCountry "GER"]
[SourceTitle "EXT 2011"]
[Source "ChessBase"]
[SourceDate "2010.11.26"]
[SourceVersion "1"]
[SourceVersionDate "2010.11.26"]
[SourceQuality "1"]
[WhiteTeam "Deggendorf"]
[BlackTeam "Graefelfing"]
[WhiteTeamCountry "GER"]
[BlackTeamCountry "GER"]

1. Nf3 d5 2. g3 Bg4 3. Bg2 e6 4. d3 Nf6 5. Nbd2 Be7 6. 0-0 0-0 7. h3 Bh5 8. e4 c5 9. Re1 Nc6 10. g4 Bg6 11. e5 Nd7 12. Nf1 b5 13. Bf4 h6 14. Ng3 Rc8 15. Qd2 c4 16. dxc4 bxc4 17. c3 Rb8 18. g5 hxg5 19. Nxg5 Nc5 20. Bf1 Qb6 21. Rab1 Nd3 22. Bxd3 Bxd3 23. Nh5 Bg6 24. Qe2 d4 25. Qg4 dxc3 26. bxc3 Bxb1 27. Ne4 g6 28. Nef6+ Bxf6 29. Nxf6+ Kg7 30. Bh6+ 1-0

[Event "Regionalliga SO 0809"]
[Site "Bayern"]
[Date "2009.03.15"]
[Round "8.4"]
[White "Luft, Martin"]
[Black "Wittmann, Matthias"]
[Result "1-0"]
[WhiteElo "2109"]
[BlackElo "2118"]
[PlyCount "43"]
[EventDate "2008.10.05"]
[EventType "team-tourn"]
[EventRounds "9"]
[EventCountry "GER"]
[SourceTitle "EXT 2020"]
[Source "ChessBase"]
[SourceDate "2019.10.17"]
[SourceVersion "1"]
[SourceVersionDate "2019.10.17"]
[SourceQuality "1"]
[WhiteTeam "Graefelfing"]
[BlackTeam "Pang/Rosenheim II"]
[WhiteTeamCountry "GER"]
[BlackTeamCountry "GER"]

1. Nf3 Nc6 2. d4 d5 3. Bf4 Bg4 4. e3 e6 5. h3 Bxf3 6. Qxf3 Nf6 7. c3 Ne7 8. Nd2 Ng6 9. Bg5 Be7 10. Bd3 c6 11. Qd1 Nd7 12. Bxe7 Qxe7 13. Qb3 Rb8 14. Nf3 0-0 15. 0-0 Nh4 16. Qd1 e5 17. Nxe5 Nxe5 18. dxe5 Qxe5 19. Qa4 Qg5 20. g3 Nf3+ 21. Kg2 Qh5 22. Qd1 1-0

[Event "Regionalliga SO 0809"]
[Site "Bayern"]
[Date "2008.12.14"]
[Round "4.4"]
[White "Luft, Martin"]
[Black "Moser, Wolfgang"]
[Result "1/2-1/2"]
[WhiteElo "2109"]
[BlackElo "2063"]
[PlyCount "47"]
[EventDate "2008.10.05"]
[EventType "team-tourn"]
[EventRounds "9"]
[EventCountry "GER"]
[SourceTitle "EXT 2020"]
[Source "ChessBase"]
[SourceDate "2019.10.17"]
[SourceVersion "1"]
[SourceVersionDate "2019.10.17"]
[SourceQuality "1"]
[WhiteTeam "Graefelfing"]
[BlackTeam "Trostberg"]
[WhiteTeamCountry "GER"]
[BlackTeamCountry "GER"]

1. d4 d5 2. c4 e6 3. Nc3 Nf6 4. Bg5 Nbd7 5. cxd5 exd5 6. e3 c6 7. Bd3 Bd6 8. Qc2 Qa5 9. Nge2 0-0 10. 0-0 Re8 11. a3 g6 12. Bf4 Bxf4 13. Nxf4 Qd8 14. b4 a6 15. a4 Nf8 16. b5 Bd7 17. bxc6 Bxc6 18. Qb3 Ne6 19. Nxe6 fxe6 20. Ne2 Qd6 21. h3 Re7 22. Rfc1 Rc8 23. Nf4 Rec7 24. Qb1 1/2-1/2

[Event "Regionalliga SO 0708"]
[Site "Bayern"]
[Date "2007.12.09"]
[Round "4.5"]
[White "Gil, Arthur"]
[Black "Luft, Martin"]
[Result "0-1"]
[WhiteElo "1990"]
[BlackElo "2100"]
[PlyCount "108"]
[EventDate "2007.10.21"]
[EventType "team-tourn"]
[EventRounds "9"]
[EventCountry "GER"]
[SourceTitle "EXT 2009"]
[Source "ChessBase"]
[SourceDate "2008.11.26"]
[SourceVersion "1"]
[SourceVersionDate "2008.11.26"]
[SourceQuality "1"]
[WhiteTeam "Ebersberg"]
[BlackTeam "Graefelfing"]
[WhiteTeamCountry "GER"]
[BlackTeamCountry "GER"]

1. e4 e6 2. d4 d5 3. Nc3 dxe4 4. Nxe4 Nd7 5. Nf3 Ngf6 6. Bd3 Nxe4 7. Bxe4 Nf6 8. Qe2 Nxe4 9. Qxe4 Qd5 10. Qxd5 exd5 11. 0-0 f6 12. Bf4 c6 13. Nd2 Bf5 14. Rac1 Kf7 15. c4 dxc4 16. Nxc4 Rd8 17. Rfd1 Be6 18. Be3 Rd5 19. h3 Be7 20. Nd2 Ra5 21. a3 Rb5 22. Nc4 Bxc4 23. Rxc4 Rxb2 24. d5 Rd8 25. Bxa7 Rb5 26. a4 Rbxd5 27. Re1 Rd1 28. Kf1 R8d2 29. a5 Rxe1+ 30. Kxe1 Ra2 31. Bb6 Rb2 32. Rd4 Ke6 33. Re4+ Kd7 34. Rd4+ Ke8 35. Re4 Rb5 36. Ra4 Kd7 37. a6 bxa6 38. Rxa6 c5 39. Ra7+ Ke6 40. Ba5 c4 41. Bc3 h5 42. h4 Rd5 43. Ke2 g6 44. Rc7 Rc5 45. Rb7 Rc6 46. Rb5 Bd6 47. g3 Ra6 48. f4 Ra3 49. Kd2 Ra2+ 50. Ke3 Rg2 51. Be1 c3 52. Rb3 c2 53. Rc3 Ba3 54. Kf3 Rh2 0-1

[Event "Regionalliga SO 0708"]
[Site "Bayern"]
[Date "2007.11.25"]
[Round "3.5"]
[White "Luft, Martin"]
[Black "Wurzel, Andre"]
[Result "1/2-1/2"]
[WhiteElo "2100"]
[BlackElo "2117"]
[PlyCount "29"]
[EventDate "2007.10.21"]
[EventType "team-tourn"]
[EventRounds "9"]
[EventCountry "GER"]
[SourceTitle "EXT 2009"]
[Source "ChessBase"]
[SourceDate "2008.11.26"]
[SourceVersion "1"]
[SourceVersionDate "2008.11.26"]
[SourceQuality "1"]
[WhiteTeam "Graefelfing"]
[BlackTeam "Ingolstadt"]
[WhiteTeamCountry "GER"]
[BlackTeamCountry "GER"]

1. Nf3 c5 2. c4 Nf6 3. g3 b6 4. Bg2 Bb7 5. 0-0 e6 6. b3 Be7 7. Bb2 0-0 8. e3 d5 9. d3 Nc6 10. Qe2 Qc7 11. Nc3 dxc4 12. dxc4 Rad8 13. Rad1 Qb8 14. Rxd8 Rxd8 15. Rd1 1/2-1/2

[Event "Regionalliga SO 0708"]
[Site "Bayern"]
[Date "2007.10.21"]
[Round "1.4"]
[White "Luft, Martin"]
[Black "Seisenberger, Georg"]
[Result "1-0"]
[WhiteElo "2100"]
[BlackElo "2022"]
[PlyCount "57"]
[EventDate "2007.10.21"]
[EventType "team-tourn"]
[EventRounds "9"]
[EventCountry "GER"]
[SourceTitle "EXT 2009"]
[Source "ChessBase"]
[SourceDate "2008.11.26"]
[SourceVersion "1"]
[SourceVersionDate "2008.11.26"]
[SourceQuality "1"]
[WhiteTeam "Graefelfing"]
[BlackTeam "Ilmmuenster"]
[WhiteTeamCountry "GER"]
[BlackTeamCountry "GER"]

1. Nf3 d5 2. d4 c6 3. Bf4 Bf5 4. c3 e6 5. e3 Bd6 6. Bxd6 Qxd6 7. Qb3 Qc7 8. Nbd2 Nd7 9. c4 Ngf6 10. Rc1 0-0 11. cxd5 exd5 12. Be2 Qb6 13. Qa3 Ne4 14. Nxe4 Bxe4 15. 0-0 Bxf3 16. Bxf3 Rae8 17. Rc3 a6 18. Rb3 Qc7 19. Qb4 b5 20. Rc1 Nf6 21. Rbc3 Re6 22. Rc5 Ne4 23. Bxe4 dxe4 24. Qc3 Rh6 25. h3 Qd7 26. Rxc6 Rxh3 27. gxh3 Qxh3 28. Rc8 f5 29. Qb3+ 1-0

[Event "Regionalliga SO 0607"]
[Site "Bayern"]
[Date "2007.03.18"]
[Round "7.5"]
[White "Schubert, Josef"]
[Black "Luft, Martin"]
[Result "1/2-1/2"]
[WhiteElo "1948"]
[BlackElo "2074"]
[PlyCount "38"]
[EventDate "2006.10.15"]
[EventType "team-tourn"]
[EventRounds "9"]
[EventCountry "GER"]
[SourceTitle "EXT 2008"]
[Source "ChessBase"]
[SourceDate "2007.11.25"]
[SourceVersion "1"]
[SourceVersionDate "2007.11.25"]
[SourceQuality "1"]
[WhiteTeam "Landshut"]
[BlackTeam "Graefelfing"]
[WhiteTeamCountry "GER"]
[BlackTeamCountry "GER"]

1. e4 d5 2. exd5 Qxd5 3. Nc3 Qd8 4. Bc4 Nf6 5. Nf3 e6 6. 0-0 Be7 7. d4 0-0 8. Qe2 Nbd7 9. Bg5 Nb6 10. Bb3 Nbd5 11. Na4 h6 12. Bd2 c6 13. Rad1 b6 14. Rfe1 Bb7 15. c4 Nc7 16. Nc3 Qc8 17. Bf4 Rd8 18. d5 Bd6 19. dxc6 Bxf4 1/2-1/2

[Event "Creon op 9th"]
[Site "Creon"]
[Date "2004.08.03"]
[Round "2"]
[White "Tihonov, Jurij"]
[Black "Luft, Martin"]
[Result "1-0"]
[WhiteElo "2447"]
[BlackElo "2118"]
[PlyCount "53"]
[EventDate "2004.08.02"]
[EventType "swiss"]
[EventRounds "9"]
[EventCountry "FRA"]
[SourceTitle "CBM 101 Extra"]
[Source "ChessBase"]
[SourceDate "2004.09.01"]
[SourceVersion "2"]
[SourceVersionDate "2004.09.01"]
[SourceQuality "1"]

1. d4 d6 2. Nf3 Bg4 3. e3 e6 4. c4 c6 5. Nc3 d5 6. Qb3 Qc7 7. Ne5 Bf5 8. g4 Bg6 9. h4 f6 10. Nxg6 hxg6 11. Bg2 Nd7 12. e4 dxe4 13. c5 Kf7 14. Nxe4 Nh6 15. Bf3 Re8 16. Be3 Kg8 17. 0-0-0 Nf7 18. Be2 Qc8 19. Bc4 Nb8 20. Bf4 Na6 21. g5 f5 22. Ng3 Nc7 23. h5 gxh5 24. g6 Nd8 25. Nxh5 Nd5 26. Bxd5 exd5 27. Nf6+ 1-0

[Event "Regionalliga SO 0304"]
[Site "Bayern"]
[Date "2004.03.07"]
[Round "7.7"]
[White "Zepke, Armin"]
[Black "Luft, Martin"]
[Result "0-1"]
[WhiteElo "1939"]
[BlackElo "2092"]
[PlyCount "108"]
[EventDate "2003.10.??"]
[EventType "team"]
[EventRounds "9"]
[EventCountry "GER"]
[SourceTitle "EXT 2006"]
[Source "ChessBase"]
[SourceDate "2005.11.24"]
[SourceVersion "1"]
[SourceVersionDate "2005.11.24"]
[SourceQuality "1"]
[WhiteTeam "Bayerwald"]
[BlackTeam "Graefelfing"]
[WhiteTeamCountry "GER"]
[BlackTeamCountry "GER"]

1. d4 Nf6 2. Nf3 e6 3. Bg5 Be7 4. e3 b6 5. Bd3 Bb7 6. 0-0 h6 7. Bh4 Ne4 8. Bxe7 Qxe7 9. Nfd2 Nxd2 10. Nxd2 0-0 11. f4 d6 12. e4 Nd7 13. Qe2 f6 14. Rae1 e5 15. c3 c5 16. Bc4+ Kh7 17. Qd3 cxd4 18. cxd4 Rac8 19. f5 exd4 20. Qxd4 Qe5 21. Qxe5 dxe5 22. Rc1 Nc5 23. Bd5 Bxd5 24. exd5 Rcd8 25. b4 Na6 26. Ne4 Rxd5 27. a3 Rf7 28. Rc3 Rd4 29. Re1 Nc7 30. Kf2 Nb5 31. Rc8 Nxa3 32. Nc3 Rc4 33. Rxc4 Nxc4 34. Rd1 a5 35. bxa5 bxa5 36. Rd8 Ra7 37. Na4 Rc7 38. g4 Rc6 39. Rd7 Nb6 40. Nxb6 Rxb6 41. Ra7 Rb4 42. Kg3 h5 43. h3 hxg4 44. hxg4 Kh6 45. Kh4 Ra4 46. Ra6 Kh7 47. Ra7 Ra1 48. Kh3 Kh6 49. Kg3 a4 50. Kf3 a3 51. Ra8 Kh7 52. Ra7 a2 53. Kg2 Kh6 54. Kh2 e4 0-1

[Event "Regionalliga SO 0304"]
[Site "Bayern"]
[Date "2004.01.18"]
[Round "5.6"]
[White "Luft, Martin"]
[Black "Kempter, Klaus"]
[Result "1-0"]
[WhiteElo "2092"]
[BlackElo "1970"]
[PlyCount "43"]
[EventDate "2003.10.??"]
[EventType "team"]
[EventRounds "9"]
[EventCountry "GER"]
[SourceTitle "EXT 2006"]
[Source "ChessBase"]
[SourceDate "2005.11.24"]
[SourceVersion "1"]
[SourceVersionDate "2005.11.24"]
[SourceQuality "1"]
[WhiteTeam "Graefelfing"]
[BlackTeam "Freising"]
[WhiteTeamCountry "GER"]
[BlackTeamCountry "GER"]

1. Nf3 d5 2. d4 Nf6 3. Bg5 e6 4. e3 Be7 5. c4 Nbd7 6. Nc3 0-0 7. Bd3 dxc4 8. Bxc4 c5 9. 0-0 a6 10. a4 b6 11. Qe2 Bb7 12. Rfd1 Ne4 13. Nxe4 Bxe4 14. Bf4 Qc8 15. dxc5 Nxc5 16. b4 Nd7 17. Ng5 Nf6 18. Rac1 Qe8 19. Nxe4 Nxe4 20. Bxa6 Ra7 21. Bb5 Qa8 22. Bc6 1-0

[Event "Regionalliga SO 0304"]
[Site "Bayern"]
[Date "2003.10.12"]
[Round "1.5"]
[White "Luft, Martin"]
[Black "Scheckenbach, Franz"]
[Result "1/2-1/2"]
[WhiteElo "2092"]
[BlackElo "2078"]
[PlyCount "65"]
[EventDate "2003.10.??"]
[EventType "team"]
[EventRounds "9"]
[EventCountry "GER"]
[SourceTitle "EXT 2006"]
[Source "ChessBase"]
[SourceDate "2005.11.24"]
[SourceVersion "1"]
[SourceVersionDate "2005.11.24"]
[SourceQuality "1"]
[WhiteTeam "Graefelfing"]
[BlackTeam "Groebenzell"]
[WhiteTeamCountry "GER"]
[BlackTeamCountry "GER"]

1. Nf3 d5 2. d4 e6 3. c4 c5 4. cxd5 exd5 5. Nc3 Nc6 6. Bg5 Be7 7. Bxe7 Ngxe7 8. e3 c4 9. Be2 0-0 10. 0-0 a6 11. a4 Na5 12. e4 dxe4 13. Nxe4 Be6 14. Nfg5 Bf5 15. Ng3 Bg6 16. Nf3 Nec6 17. d5 Nb4 18. Ne5 Nxd5 19. Nxc4 Nxc4 20. Bxc4 Nb4 21. Qb3 a5 22. Rad1 Qg5 23. Rd7 Qf4 24. Rxb7 Rac8 25. Bb5 Rc1 26. Qe3 Rxf1+ 27. Nxf1 Qf6 28. b3 Nd5 29. Qd2 Nf4 30. Qe3 Nd5 31. Qd2 Nf4 32. Qe3 Nd5 33. Qd2 1/2-1/2

[Event "Landesliga Sued 0102"]
[Site "Bayern"]
[Date "2002.02.03"]
[Round "5.4"]
[White "Tudosa, Daniel"]
[Black "Luft, Martin"]
[Result "1/2-1/2"]
[WhiteElo "2035"]
[BlackElo "2095"]
[PlyCount "81"]
[EventDate "2001.10.07"]
[EventType "team-tourn"]
[EventRounds "9"]
[EventCountry "GER"]
[SourceTitle "EXT 2003"]
[Source "ChessBase"]
[SourceDate "2002.11.25"]
[SourceVersion "1"]
[SourceVersionDate "2002.11.25"]
[SourceQuality "1"]
[WhiteTeam "Tuerkheim/Bad Woerishofen"]
[BlackTeam "Graefelfing"]
[WhiteTeamCountry "GER"]
[BlackTeamCountry "GER"]

1. d4 Nf6 2. Nf3 d6 3. Bf4 g6 4. e3 Bg7 5. Bd3 c5 6. c3 Nbd7 7. Nbd2 b6 8. a4 a6 9. 0-0 Bb7 10. Re1 0-0 11. h3 Bc6 12. Qe2 Qc8 13. e4 Nh5 14. Bg5 f6 15. d5 fxg5 16. dxc6 Nf4 17. Bc4+ Kh8 18. Qe3 Qxc6 19. Nxg5 Ne5 20. g3 Nxc4 21. Nxc4 Nh5 22. Ne6 Rf6 23. Nxg7 Nxg7 24. a5 b5 25. Nb6 Raf8 26. f4 e5 27. Rf1 exf4 28. gxf4 Ne6 29. Nd5 R6f7 30. Rad1 Nc7 31. b4 Nxd5 32. Rxd5 cxb4 33. cxb4 Kg8 34. f5 gxf5 35. Rfxf5 Rxf5 36. Rxf5 Rxf5 37. exf5 d5 38. Qg5+ Kf7 39. Qe3 Qd7 40. Qg5 Qd6 41. f6 1/2-1/2

[Event "Landesliga Sued 0001"]
[Site "Bayern"]
[Date "2001.02.18"]
[Round "6"]
[White "Luft, Martin"]
[Black "Taggatz, Mario"]
[Result "1/2-1/2"]
[WhiteElo "2250"]
[BlackElo "2100"]
[PlyCount "52"]
[EventDate "2000.10.15"]
[EventType "team-tourn"]
[EventRounds "9"]
[EventCountry "GER"]
[SourceTitle "EXT 2020"]
[Source "ChessBase"]
[SourceDate "2019.10.17"]
[SourceVersion "1"]
[SourceVersionDate "2019.10.17"]
[SourceQuality "1"]
[WhiteTeam "Graefelfing SK"]
[BlackTeam "Groebenzell"]
[WhiteTeamCountry "GER"]
[BlackTeamCountry "GER"]

1. Nf3 d5 2. d4 Nf6 3. Bg5 Ne4 4. Bf4 c5 5. dxc5 e6 6. Nbd2 Nxd2 7. Qxd2 Bxc5 8. e4 Nc6 9. exd5 exd5 10. Be2 0-0 11. 0-0 Bf5 12. Rad1 d4 13. Ne5 Nxe5 14. Bxe5 Re8 15. Bg3 Qb6 16. Bd3 Bxd3 17. cxd3 Re7 18. Qc2 Rae8 19. a3 h6 20. f3 Re2 21. Rd2 Rxd2 22. Qxd2 Qb3 23. Bf2 Bb6 24. Rc1 Re5 25. Rc4 Ba5 26. Qc2 Rb5 1/2-1/2

[Event "Schwarzach op-A"]
[Site "Schwarzach"]
[Date "2000.08.26"]
[Round "8"]
[White "Besner, Bernhard"]
[Black "Luft, Martin"]
[Result "1-0"]
[WhiteElo "2178"]
[BlackElo "2141"]
[PlyCount "59"]
[EventDate "2000.08.19"]
[EventType "swiss"]
[EventRounds "9"]
[EventCountry "AUT"]
[SourceTitle "EXT 2001"]
[Source "ChessBase"]
[SourceDate "2000.11.22"]
[SourceVersion "1"]
[SourceVersionDate "2000.11.22"]
[SourceQuality "1"]

1. e4 e6 2. d4 d5 3. Nd2 dxe4 4. Nxe4 Nd7 5. Nf3 Be7 6. Bd3 Ngf6 7. 0-0 0-0 8. Ne5 Nxe4 9. Nxd7 Qxd7 10. Bxe4 Rd8 11. Be3 Qb5 12. a4 Qa5 13. c3 g6 14. Qf3 Rb8 15. b4 Qa6 16. Bf4 Bd6 17. Bg5 Re8 18. h4 h5 19. b5 Qa5 20. Bxg6 fxg6 21. Qf6 Re7 22. Qxg6+ Rg7 23. Qe8+ Bf8 24. Bh6 Rf7 25. Bxf8 Rxf8 26. Qg6+ Kh8 27. Rae1 Qxc3 28. Re3 Qxd4 29. Qxh5+ Kg8 30. Rg3+ 1-0